Statistics for Asian Island Countries

Click here to take the quiz!

General Stats

  • This quiz has been taken 392 times
    (384 since last reset)
  • The average score is 10 of 11

Answer Stats

Country% Correct
Indonesia
98%
Japan
98%
Sri Lanka
97%
Philippines
94%
Taiwan
94%
East Timor
91%
Brunei
90%
Singapore
90%
Maldives
89%
Bahrain
84%
Cyprus
78%

Score Distribution

Percentile by Number Answered

Percent of People with Each Score

Your Score History

You have not taken this quiz since the last reset